Sub sole

محفوظ في:
التفاصيل البيبلوغرافية
المؤلف الرئيسي: Lillo, Baldomero (autor)
التنسيق: كتاب
اللغة:الإسبانية
منشور في: Santiago Nascimento 1969
الطبعة:11a. ed
الموضوعات:
الوسوم: إضافة وسم
لا توجد وسوم, كن أول من يضع وسما على هذه التسجيلة!

MARC

LEADER 00000nam a2200000 a 4500
001 UCQ2310
003 CL-VaPUC
008 980724e19690000CL |||||||||||||||||spa|d
082 0 4 |a Ch863  |b LIL  |2 21 
100 |a Lillo, Baldomero  |e autor  |9 342813 
245 1 0 |a Sub sole 
250 |a 11a. ed 
300 |a 165 p 
942 |c BK 
945 |d 19980724 00:00:00  |a lriquelm 
260 |a Santiago  |b Nascimento  |c 1969 
650 0 |a Cuentos chilenos   |9 308280 
650 0 |a Literatura chilena   |9 308278 
583 |a last modification  |c 19980724 00:00:00  |k Rodrigo Vera 
999 |c 273142  |d 273140 
952 |0 0  |1 0  |4 0  |6 CH_863_000000000000000_LIL_1969  |7 0  |8 A  |9 308490  |a BIBEDU  |b BIBEDU  |d 2019-11-20  |i 1446126  |o Ch863 LIL 1969  |p 1446126  |r 2019-11-20  |w 2019-11-20  |y BK  |k LIT